00649nam a2200157 a 450000100100000000500170001000800410002704000250006808200130009324501060010626000870021230000370029970000260033695201120036299900170047400002974420200930055755.0110425s2002 dr bd 000 0 spa d aDO-SdBNPbspacBNPHU axxxbJ8604aLos jóvenes y el VIH/SIDA :buna oportunidad en un momento crucial /cintroducción Carol Bellamy. a[Santo Domingo] :bUNICEF :bONUSIDA :bOrganización Mundial de la Salud,c2002. a48 p. :bdiagrs., mapa ;c28 cm.1 aBellamy, Carol956525 00107-18PDaPDbPDcOId2011-04-25iLF1l0oxxx J86p29744-10r2020-06-25w2020-06-25yLFPDZNo se presta c29236d29236